[Event "GRE-chT 52nd"]
[Site "Loutraki"]
[Date "2025.06.30"]
[Round "3.20"]
[White "Gkadakis, Nikolaos"]
[Black "Kazakis, Mattheos Konstantin"]
[Result "1-0"]
[WhiteElo "1671"]
[BlackElo "1918"]
[PlyCount "79"]
[EventDate "2025.06.28"]
[EventType "team-swiss"]
[EventRounds "7"]
[EventCountry "GRE"]
[SourceTitle "CB28_2025"]
[SourceDate "2025.07.09"]
[SourceVersion "1"]
[SourceVersionDate "2025.07.09"]
[SourceQuality "1"]
[WhiteTeam "Thessaloniki Aris"]
[BlackTeam "Kavalas"]
[WhiteTeamCountry "GRE"]
[BlackTeamCountry "GRE"]

1. e4 c5 2. Nf3 d6 3. d4 cxd4 4. Nxd4 Nf6 5. Nc3 a6 6. f3 e5 7. Nb3 Be6 8. Be3 h5 9. h4 Be7 10. Qd2 Nbd7 11. 0-0-0 Nb6 12. Kb1 Nc4 13. Bxc4 Bxc4 14. Rdg1 b5 15. g4 hxg4 16. fxg4 d5 17. g5 Nxe4 18. Nxe4 dxe4 19. Qf2 Qd7 20. h5 Rc8 21. g6 f5 22. Bg5 Bxb3 23. axb3 Bc5 24. Be3 Bxe3 25. Qxe3 Rh6 26. Rh2 Qd4 27. Qg5 Rc6 28. Rd2 Rxh5 29. Qxh5 Qxg1+ 30. Rd1 Qxg6 31. Qh8+ Kf7 32. Rd7+ Ke6 33. Qd8 Qg1+ 34. Ka2 Qc5 35. Qe8+ Kf6 36. Rf7+ Kg5 37. Rxg7+ Kf4 38. Qh5 Ke3 39. Rg3+ Kd4 40. Qd1# 1-0

[Event "GRE-chT 52nd"]
[Site "Loutraki"]
[Date "2025.06.29"]
[Round "2.20"]
[White "Kazakis, Mattheos Konstantin"]
[Black "Kostoglou, Apostolos"]
[Result "1-0"]
[WhiteElo "1918"]
[BlackElo "1511"]
[PlyCount "87"]
[EventDate "2025.06.28"]
[EventType "team-swiss"]
[EventRounds "7"]
[EventCountry "GRE"]
[SourceTitle "CB28_2025"]
[SourceDate "2025.07.09"]
[SourceVersion "1"]
[SourceVersionDate "2025.07.09"]
[SourceQuality "1"]
[WhiteTeam "Kavalas"]
[BlackTeam "Thessaloniki ES"]
[WhiteTeamCountry "GRE"]
[BlackTeamCountry "GRE"]

1. e4 e6 2. d4 d5 3. Nd2 a6 4. Bd3 c5 5. dxc5 Bxc5 6. Ngf3 Nf6 7. 0-0 dxe4 8. Nxe4 Nxe4 9. Bxe4 Qxd1 10. Rxd1 0-0 11. Be3 Bxe3 12. fxe3 Nd7 13. Bxb7 Bxb7 14. Rxd7 Bxf3 15. gxf3 Rfc8 16. Rad1 g6 17. R1d2 Kg7 18. Rb7 Rc6 19. Rdd7 Rf8 20. c3 Kf6 21. f4 Rcc8 22. Kf2 Rcd8 23. Ke2 Rxd7 24. Rxd7 Rc8 25. Kd3 Rc5 26. b4 Rh5 27. c4 Rxh2 28. c5 Rh1 29. Kc2 Rh2+ 30. Kb3 Rh1 31. a4 Rb1+ 32. Ka3 Ra1+ 33. Kb2 Rxa4 34. Rd4 a5 35. c6 axb4 36. c7 Ra8 37. Rd8 Rxd8 38. cxd8Q+ Kf5 39. Kc2 h5 40. Kd2 f6 41. Qa5+ Kg4 42. Qxb4 h4 43. f5+ Kxf5 44. Qf4# 1-0

[Event "GRE-chT 52nd"]
[Site "Loutraki"]
[Date "2025.06.28"]
[Round "1.20"]
[White "Alexopoulos, Filippos"]
[Black "Kazakis, Mattheos Konstantin"]
[Result "0-1"]
[WhiteElo "1496"]
[BlackElo "1918"]
[PlyCount "66"]
[EventDate "2025.06.28"]
[EventType "team-swiss"]
[EventRounds "7"]
[EventCountry "GRE"]
[SourceTitle "CB28_2025"]
[SourceDate "2025.07.09"]
[SourceVersion "1"]
[SourceVersionDate "2025.07.09"]
[SourceQuality "1"]
[WhiteTeam "Petralonon"]
[BlackTeam "Kavalas"]
[WhiteTeamCountry "GRE"]
[BlackTeamCountry "GRE"]

1. e4 c5 2. Nc3 e6 3. f4 d5 4. Bb5+ Bd7 5. Bxd7+ Qxd7 6. d3 Nc6 7. Nf3 Nge7 8. 0-0 g6 9. Qe1 Bg7 10. a3 Nd4 11. Nxd4 cxd4 12. Nd1 Rc8 13. Qe2 dxe4 14. dxe4 0-0 15. Qd3 Qc6 16. Rf2 Rfd8 17. Re2 Qc4 18. Nf2 Rd6 19. b3 Qc3 20. Rb1 Rdc6 21. Bb2 Qxd3 22. cxd3 Rc2 23. Rxc2 Rxc2 24. e5 Nd5 25. g3 g5 26. Bxd4 gxf4 27. g4 f3 28. Kf1 Bh6 29. h3 b6 30. h4 Ne3+ 31. Bxe3 Bxe3 32. Nd1 Bd4 33. a4 Rh2 0-1

[Event "Wch Amateurs U2000"]
[Site "Rhodes"]
[Date "2024.10.28"]
[Round "2"]
[White "Kazakis, Mattheos Konstantin"]
[Black "Perez Gonzalez, Daniel"]
[Result "1/2-1/2"]
[WhiteElo "1900"]
[BlackElo "1996"]
[PlyCount "91"]
[EventDate "2024.10.27"]
[EventType "swiss"]
[EventRounds "9"]
[EventCountry "GRE"]
[SourceTitle "CB45_2024"]
[Source "ChessBase"]
[SourceDate "2024.11.06"]
[SourceVersion "1"]
[SourceVersionDate "2024.11.06"]
[SourceQuality "1"]

1. e4 c6 2. d4 d5 3. exd5 cxd5 4. Bd3 Nc6 5. c3 Qc7 6. h3 e6 7. Nf3 Bd6 8. 0-0 Nge7 9. Re1 0-0 10. a4 Bd7 11. Ng5 g6 12. Nd2 e5 13. dxe5 Nxe5 14. Bc2 f6 15. Ngf3 Rae8 16. Nb3 Kg7 17. Nxe5 fxe5 18. Bg5 h6 19. Be3 Bf5 20. Bxf5 Rxf5 21. f4 exf4 22. Nd4 Rf6 23. Nb5 Qc6 24. Nxd6 Rxd6 25. Bxf4 Re6 26. Qd4+ Kh7 27. Qxa7 Nf5 28. Rxe6 Rxe6 29. a5 d4 30. a6 Re7 31. Kh2 bxa6 32. Qxa6 Qe4 33. Qf1 Rf7 34. Qf3 Qe6 35. Qd3 Qd5 36. c4 Qb7 37. Re1 Nh4 38. Qe4 Qxb2 39. Re2 Qb7 40. c5 Qxe4 41. Rxe4 g5 42. Be5 Nf5 43. c6 d3 44. Re1 Ne7 45. c7 Nc8 46. Rd1 1/2-1/2

[Event "Kalamaria blitz op"]
[Site "Kalamaria"]
[Date "2024.08.30"]
[Round "9"]
[White "Ioannidis, Evgenios"]
[Black "Kazakis, Mattheos Konstantin"]
[Result "0-1"]
[WhiteElo "2383"]
[BlackElo "1776"]
[PlyCount "100"]
[EventDate "2024.08.30"]
[EventType "swiss"]
[EventRounds "9"]
[EventCountry "GRE"]
[SourceTitle "CBM 221 Extra"]
[Source "ChessBase"]
[SourceDate "2024.09.30"]
[SourceVersion "1"]
[SourceVersionDate "2024.09.30"]
[SourceQuality "1"]

1. d4 d5 2. c4 e6 3. Nc3 Nf6 4. cxd5 exd5 5. Bg5 c6 6. e3 h6 7. Bh4 Be7 8. Bd3 0-0 9. Nge2 Nbd7 10. h3 a5 11. a4 Re8 12. Bg3 Nf8 13. 0-0 Ne6 14. Qc2 Nh5 15. Be5 Bd6 16. f4 Nf6 17. Ng3 Nc7 18. Rad1 Bf8 19. Rfe1 Na6 20. Bxa6 Rxa6 21. f5 Bd6 22. e4 Bxe5 23. dxe5 Rxe5 24. Qf2 Qb6 25. exd5 Rxe1+ 26. Rxe1 cxd5 27. Nxd5 Qxf2+ 28. Kxf2 Nxd5 29. Re8+ Kh7 30. Rxc8 Rb6 31. Rc5 Rxb2+ 32. Kf3 Rb3+ 33. Kf2 Nc3 34. Rc7 Nxa4 35. Rxf7 Kg8 36. Rc7 Rb5 37. Ke3 Nb6 38. Kd4 Rb4+ 39. Kc5 Na4+ 40. Kd6 Rb6+ 41. Ke5 Rb5+ 42. Ke6 Rb6+ 43. Ke5 Rb5+ 44. Ke6 Rb6+ 45. Ke7 Rb1 46. Nh5 Re1+ 47. Kd8 Nb6 48. Rxg7+ Kf8 49. Rxb7 Rd1+ 50. Kc7 Nd5+ 0-1

[Event "Kalamaria blitz op"]
[Site "Kalamaria"]
[Date "2024.08.30"]
[Round "8"]
[White "Tzovanis, Anastasios Anagnost"]
[Black "Kazakis, Mattheos Konstantin"]
[Result "0-1"]
[WhiteElo "1844"]
[BlackElo "1776"]
[PlyCount "54"]
[EventDate "2024.08.30"]
[EventType "swiss"]
[EventRounds "9"]
[EventCountry "GRE"]
[SourceTitle "CBM 221 Extra"]
[Source "ChessBase"]
[SourceDate "2024.09.30"]
[SourceVersion "1"]
[SourceVersionDate "2024.09.30"]
[SourceQuality "1"]

1. Nf3 d5 2. g3 c5 3. Bg2 Nc6 4. d4 Nf6 5. 0-0 cxd4 6. Nxd4 e5 7. Nxc6 bxc6 8. c4 Be7 9. Nc3 Be6 10. Bg5 e4 11. cxd5 cxd5 12. Qa4+ Qd7 13. Qxd7+ Nxd7 14. Bxe7 Kxe7 15. Rfd1 Nf6 16. f3 exf3 17. Bxf3 Rhd8 18. Rd2 Rab8 19. b3 Rbc8 20. Nb5 a6 21. Nd4 Ne4 22. Bxe4 dxe4 23. e3 Rc3 24. Kf2 Rd5 25. a4 Rh5 26. h4 Bg4 27. b4 g5 0-1

[Event "GRE-ch blitz"]
[Site "Ioannina"]
[Date "2024.08.16"]
[Round "7"]
[White "Bozanis, Dimitrios"]
[Black "Kazakis, Mattheos Konstantin"]
[Result "0-1"]
[WhiteElo "1912"]
[BlackElo "1776"]
[PlyCount "60"]
[EventDate "2024.08.16"]
[EventType "swiss (blitz)"]
[EventRounds "11"]
[EventCountry "GRE"]
[SourceTitle "CBM 221 Extra"]
[Source "ChessBase"]
[SourceDate "2024.09.30"]
[SourceVersion "1"]
[SourceVersionDate "2024.09.30"]
[SourceQuality "1"]

1. c4 e6 2. g3 d5 3. cxd5 exd5 4. Bg2 c6 5. Nf3 Bd6 6. 0-0 Nf6 7. b3 Bf5 8. Bb2 Nbd7 9. d3 Qe7 10. Nbd2 0-0 11. h3 Rfe8 12. Re1 Ne5 13. Nh4 Bd7 14. Qc2 Nh5 15. a3 Ng6 16. Nxg6 hxg6 17. Nf3 Bc5 18. e3 a5 19. Qc3 Nf6 20. g4 b5 21. Rec1 Bd6 22. Nd4 Rac8 23. Rc2 c5 24. Nf3 b4 25. Qd2 a4 26. bxa4 Bxa4 27. Rcc1 b3 28. Bc3 d4 29. exd4 Nd5 30. dxc5 Bf4 0-1

[Event "GRE-ch blitz"]
[Site "Ioannina"]
[Date "2024.08.16"]
[Round "9"]
[White "Melikhov, Evgeny V"]
[Black "Kazakis, Mattheos Konstantin"]
[Result "0-1"]
[WhiteElo "2144"]
[BlackElo "1776"]
[PlyCount "133"]
[EventDate "2024.08.16"]
[EventType "swiss (blitz)"]
[EventRounds "11"]
[EventCountry "GRE"]
[SourceTitle "CBM 221 Extra"]
[Source "ChessBase"]
[SourceDate "2024.09.30"]
[SourceVersion "1"]
[SourceVersionDate "2024.09.30"]
[SourceQuality "1"]

1. d4 d5 2. c4 e6 3. Nc3 Nf6 4. cxd5 exd5 5. Bg5 c6 6. e3 h6 7. Bf4 Bd6 8. Bxd6 Qxd6 9. Bd3 0-0 10. Nf3 Bg4 11. h3 Bh5 12. g4 Bg6 13. Bxg6 fxg6 14. Ne5 Nfd7 15. f4 Nxe5 16. dxe5 Qc5 17. Qd3 b5 18. Rc1 g5 19. Ne2 Qb4+ 20. Qc3 Qe4 21. 0-0 gxf4 22. Nxf4 Nd7 23. e6 Ne5 24. Kh2 b4 25. Qc2 Qxe3 26. Qf2 Qxf2+ 27. Rxf2 Rae8 28. Re1 Rxf4 29. Rxf4 Nd3 30. Ref1 Nxf4 31. Rxf4 a5 32. a3 bxa3 33. bxa3 Rxe6 34. Ra4 c5 35. Rxa5 Rc6 36. Ra8+ Kf7 37. Rd8 Ke6 38. Kg3 Ke5 39. Kf3 Kd4 40. Ke2 c4 41. Kd2 Ra6 42. Rg8 g5 43. h4 gxh4 44. g5 hxg5 45. Rxg5 Rxa3 46. Rg4+ Kc5 47. Rxh4 Ra2+ 48. Kc1 d4 49. Kb1 Rf2 50. Kc1 d3 51. Rg4 Kb4 52. Rh4 Kc3 53. Rh1 Re2 54. Rg1 Ra2 55. Kb1 Ra8 56. Rg3 Kb3 57. Rh3 Re8 58. Kc1 Re1+ 59. Kd2 Re2+ 60. Kd1 Kb2 61. Rxd3 Rh2 62. Rd8 Rh3 63. Rb8+ Rb3 64. Rc8 c3 65. Rc7 Rb4 66. Ke2 c2 67. Kd2 0-1

[Event "GRE-ch U12"]
[Site "Peristeri"]
[Date "2024.06.23"]
[Round "3"]
[White "Kazakis, Mattheos Konstantin"]
[Black "Oikonomopoulos, Filippos"]
[Result "1/2-1/2"]
[WhiteElo "1743"]
[BlackElo "1980"]
[PlyCount "80"]
[EventDate "2024.06.22"]
[EventType "swiss"]
[EventRounds "9"]
[EventCountry "GRE"]
[SourceTitle "EXT 2025"]
[Source "ChessBase"]
[SourceDate "2024.10.14"]
[SourceVersion "1"]
[SourceVersionDate "2024.10.14"]
[SourceQuality "1"]

1. e4 c5 2. Nf3 Nc6 3. Bb5 e5 4. 0-0 Bd6 5. c3 a6 6. Bc4 Nge7 7. d4 cxd4 8. cxd4 exd4 9. Nxd4 0-0 10. Nc3 Bc5 11. Be3 Nxd4 12. Bxd4 d6 13. Qd2 Nc6 14. Be3 Ne5 15. Bb3 Be6 16. Nd5 Bxd5 17. Bxd5 Qb6 18. Bf4 Qb5 19. a4 Qd7 20. b4 Ba7 21. Qe2 Rac8 22. b5 a5 23. b6 Bxb6 24. Rab1 Ng6 25. Bd2 Bc5 26. Bxb7 Rb8 27. Qb5 Qe7 28. Bxa5 Qg5 29. Bc7 Nh4 30. e5 d5 31. g3 Nf3+ 32. Kg2 Qg4 33. Qd3 Rxb7 34. Rxb7 Nh4+ 35. Kh1 Qh3 36. Rg1 Bxf2 37. Qf1 Qg4 38. Rg2 Nxg2 39. Qxf2 Qe4 40. Qxg2 Qe1+ 1/2-1/2

[Event "GRE-ch U12"]
[Site "Peristeri"]
[Date "2024.06.23"]
[Round "2"]
[White "Michas, Iasonas"]
[Black "Kazakis, Mattheos Konstantin"]
[Result "0-1"]
[WhiteElo "1545"]
[BlackElo "1743"]
[PlyCount "109"]
[EventDate "2024.06.22"]
[EventType "swiss"]
[EventRounds "9"]
[EventCountry "GRE"]
[SourceTitle "EXT 2025"]
[Source "ChessBase"]
[SourceDate "2024.10.14"]
[SourceVersion "1"]
[SourceVersionDate "2024.10.14"]
[SourceQuality "1"]

1. e4 c6 2. d4 d5 3. e5 c5 4. c3 Nc6 5. Nf3 Bg4 6. Be2 e6 7. h3 Bxf3 8. Bxf3 Qb6 9. Qa4 cxd4 10. cxd4 Qb4+ 11. Qxb4 Bxb4+ 12. Bd2 Nxd4 13. Bd1 Bxd2+ 14. Nxd2 Nc6 15. Ba4 Nge7 16. Rc1 0-0 17. 0-0 Nxe5 18. Rc7 Nf5 19. Rxb7 Rab8 20. Rxb8 Rxb8 21. Bb3 Nd3 22. Rb1 Nd4 23. Kf1 a5 24. g3 g6 25. f4 Nxb3 26. Nxb3 a4 27. Nd4 Rxb2 28. Rxb2 Nxb2 29. Nc2 f6 30. Ke2 h5 31. Ke3 e5 32. Nb4 Nc4+ 33. Kd3 exf4 34. gxf4 Nb6 35. Kd4 g5 36. fxg5 fxg5 37. Nxd5 Nxd5 38. Kxd5 Kg7 39. Ke4 Kf6 40. Ke3 Ke5 41. Kf2 Kd4 42. Kf3 a3 43. Ke2 g4 44. h4 Ke4 45. Kf2 Kd3 46. Kg3 Kc2 47. Kf4 Kb2 48. Kg5 g3 49. Kxh5 g2 50. Kh6 g1Q 51. h5 Qg4 52. Kh7 Qxh5+ 53. Kg7 Kxa2 54. Kf6 Kb3 55. Ke6 0-1